Religion Quiz

Random Religion or Bible Quiz

Biblical Couples Quiz Stats

 Plays Quiz Updated Apr 1, 2015

Also try: Women in the Bible
Challenge
Share
Tweet
Embed
Score 0/18 Timer 05:00
4 Plays Today
Woman Man % Correct
EveAdam
99.7%
SarahAbraham
88.2%
DelilahSamson
82%
MaryJoseph
81.2%
RebekahIsaac
69.9%
LeahJacob
69.3%
BathshebaDavid
69.2%
ZipporahMoses
54.6%
RuthBoaz/Mahlon
50.3%
Woman Man % Correct
AbigailNabal
38.6%
JezebelAhab
34.4%
ElizabethZechariah
32.3%
GomerHosea
30.5%
EstherAhasuerus
27.7%
SapphiraAnanias
25%
PriscillaAquila
24.6%
HannahElkanah
14.4%
BerniceAgrippa
7%

You're not logged in!

Compare scores with friends on all Sporcle quizzes.
Join for Free
OR
Log In

You Might Also Like...

Show Comments

Extras

Top Quizzes Today


Score Distribution

Your Account Isn't Verified!

In order to create a playlist on Sporcle, you need to verify the email address you used during registration. Go to your Sporcle Settings to finish the process.

Report this User

Report this user for behavior that violates our Community Guidelines.

Details: